000 00936nam a22002297a 4500
005 20250609122424.0
008 250609b |||||||| |||| 00| 0 eng d
020 _a9789385804823 (hbk)
037 _cTB
040 _aCRL
_cCRL
041 _2hin
_ahin
084 _aY5927.2 152R2
_qCRL
100 _aसिंह, पारुल
_9812195
245 _aहाशिये का साहित्य:
_bसमस्याएं एवं समाधान
260 _aकानपुर, भारत:
_bचिंतन प्रकाशन,
_c2022.
300 _a159पृ.
365 _b495.00
_cINR
650 _aसमाजशास्त्र
650 _aजाति
942 _2CC
_cTB
_hY5927.2 152R2
_n0
999 _c1431506
_d1431506